00579nam a2200145Ia 4500008004100000100002000041245010000061245006100161260004900222260000900271650001300280856004800293999001900341952007300360170221s9999 xx 000 0 und d aReginald Wilson aMinority accounting students’ socialization in AACSB-accredited minority colleges of business cReginald Wilson, The University of Southern Mississippi. bJournal of Management and Marketing Research c2013 xBusiness uhttp://www.aabri.com/manuscripts/131654.pdf c309639d309639 001040aCLbCLd2017-02-21l0r2017-02-21 00:00:00w2017-02-21yFOJ